000 00966nam a22003137a 4500
001 BR9804351
003 BR-BrBNA
005 20230928100044.0
007 ta
008 230509b bl.||||| |||| 00| 0 por d
040 _aBR-BrBNA
_bpor
_cBiblioteca Nacional de Agricultura
041 _a(Por)
072 _aE14; A50
090 _ E14 BR9804351
100 1 _aCastro, C.E.F. de
100 1 _aBataglia, O.C.
110 1 _aSecretaria de Agricultura e Abastecimento, Sao Paulo, SP (Brasil). Coordenadoria da Pesquisa Agropecuaria
_98645
245 1 _aFatores criticos e cenarios para a pesquisa agropecuaria de Sao Paulo
260 3 _aSao Paulo, SP (Brasil):
_c1997.
300 _a52 p.
650 _aPesquisa Agricola
650 _aPlanejamento de Pesquisa
650 _aPolitica Administrativa
650 _aPolitica Agricola
650 _aMeio Ambiente
650 _aPolitica Governamental
909 _a202309
_bLucia
_c55
_dLucia Elande
942 _cBK
999 _c60084
_d60084